Bài tập vật lí 11

Các bài tập được biên soạn theo sát nội dung của các bài thuộc từng chương của sách giáo khoa Vật lí 11. Trong mỗi bài, các bài tập được sắp xếp theo mức độ từ dễ đến khó, bắt đầu là các bài tập tiếp theo là các bài tập tự luận....

Täydet tiedot

Tallennettuna:
Bibliografiset tiedot
Päätekijä: Lương, Duyên Bình
Aineistotyyppi: Kirja
Kieli:Undetermined
Julkaistu: Hà Nội Giáo dục Việt Nam 2015
Aiheet:
Tagit: Lisää tagi
Ei tageja, Lisää ensimmäinen tagi!
Thư viện lưu trữ: Trung tâm Học liệu Trường Đại học Cần Thơ
LEADER 01150nam a2200217Ia 4500
001 CTU_216498
008 210402s9999 xx 000 0 und d
020 |c 12300 
082 |a 530.076 
082 |b B312 
100 |a Lương, Duyên Bình 
245 0 |a Bài tập vật lí 11 
245 0 |c Lương Duyên Bình, Vũ Quang (Đồng chủ biên) 
260 |a Hà Nội 
260 |b Giáo dục Việt Nam 
260 |c 2015 
520 |a Các bài tập được biên soạn theo sát nội dung của các bài thuộc từng chương của sách giáo khoa Vật lí 11. Trong mỗi bài, các bài tập được sắp xếp theo mức độ từ dễ đến khó, bắt đầu là các bài tập tiếp theo là các bài tập tự luận. Kèm theo đó là những bài hướng dẫn giải và đáp án cho mỗi bài tập. 
650 |a Physics,Vật lí 
650 |x Study and teaching (Secondary),Dạy và học (Trung học) 
904 |i Hải 
980 |a Trung tâm Học liệu Trường Đại học Cần Thơ